[Event "DEN-ch sf2"]
[Site "Svendborg"]
[Date "2024.03.29"]
[Round "6"]
[White "Poulsen, Peter Risgaard"]
[Black "Loveid, Erik"]
[Result "0-1"]
[WhiteElo "1927"]
[BlackElo "1975"]
[PlyCount "82"]
[EventDate "2024.03.29"]
[EventType "swiss"]
[EventRounds "7"]
[EventCountry "DEN"]
[SourceTitle "CBM 219 Extra"]
[Source "ChessBase"]
[SourceDate "2024.05.31"]
[SourceVersion "1"]
[SourceVersionDate "2024.05.31"]
[SourceQuality "1"]

1. d4 e6 2. Nf3 Nf6 3. e3 b6 4. b3 Bb7 5. Bb2 Be7 6. Bd3 d5 7. 0-0 0-0 8. Ne5 Nbd7 9. Qf3 Ne4 10. Qh3 f5 11. f3 Nxe5 12. dxe5 Ng5 13. Qg3 Bc5 14. f4 Ne4 15. Qe1 a5 16. Bxe4 fxe4 17. Bd4 Be7 18. Nd2 c5 19. Bb2 a4 20. a3 axb3 21. Nxb3 Ba6 22. Rf2 Qe8 23. Qd1 Qg6 24. g4 d4 25. Rg2 dxe3 26. Qd7 Qf7 27. f5 Bh4 28. Qxf7+ Rxf7 29. Nc1 Rd8 30. Ne2 Bf2+ 31. Rxf2 exf2+ 32. Kxf2 Rd2 33. Re1 Rxc2 34. Ba1 exf5 35. e6 Rf8 36. gxf5 Rxf5+ 37. Ke3 Rxe2+ 38. Rxe2 Bxe2 39. Kxe2 Rf6 40. Bxf6 gxf6 41. Ke3 f5 0-1

[Event "DEN-ch sf7"]
[Site "Svendborg"]
[Date "2024.03.29"]
[Round "2"]
[White "Poulsen, Peter Risgaard"]
[Black "Madsen, Hans Henrik"]
[Result "1/2-1/2"]
[WhiteElo "1927"]
[BlackElo "2087"]
[PlyCount "39"]
[EventDate "2024.03.29"]
[EventType "swiss"]
[EventRounds "7"]
[EventCountry "DEN"]
[SourceTitle "CBM 219 Extra"]
[Source "ChessBase"]
[SourceDate "2024.05.31"]
[SourceVersion "1"]
[SourceVersionDate "2024.05.31"]
[SourceQuality "1"]

1. d4 Nf6 2. Nf3 d5 3. e3 c5 4. b3 Nc6 5. Bb2 e6 6. Bd3 Bd7 7. a3 Qc7 8. Ne5 Nxe5 9. dxe5 Ng8 10. Nd2 Ne7 11. 0-0 g6 12. e4 Bg7 13. f4 Bc6 14. Qe2 0-0-0 15. c4 dxe4 16. Nxe4 Bxe4 17. Bxe4 Nc6 18. Rfd1 Rxd1+ 19. Rxd1 Rd8 20. Rxd8+ 1/2-1/2

[Event "DEN-ch G7 Gr1"]
[Site "Svendborg"]
[Date "2023.04.05"]
[Round "4"]
[White "Poulsen, Peter Risgaard"]
[Black "Nielsen, Aage Sondergaard"]
[Result "1-0"]
[WhiteElo "1880"]
[BlackElo "1835"]
[PlyCount "49"]
[EventDate "2023.04.05"]
[EventType "swiss"]
[EventRounds "7"]
[EventCountry "DEN"]
[SourceTitle "CBM 213 Extra"]
[Source "ChessBase"]
[SourceDate "2023.05.31"]
[SourceVersion "1"]
[SourceVersionDate "2023.05.31"]
[SourceQuality "1"]

1. d4 f5 2. e4 fxe4 3. Nc3 Nf6 4. Bg5 c6 5. f3 Qa5 6. Bxf6 exf6 7. fxe4 Bb4 8. Qf3 0-0 9. Bc4+ Kh8 10. Nge2 b5 11. Bb3 Bb7 12. Nf4 Bxc3+ 13. bxc3 g6 14. 0-0 Qc7 15. Qg3 Na6 16. Nxg6+ hxg6 17. Qxg6 d5 18. Rf3 Qg7 19. Rh3+ Kg8 20. Qh5 Nc7 21. Rg3 Qxg3 22. hxg3 Kg7 23. Qg4+ Kh8 24. Kf2 Rf7 25. Rh1+ 1-0

[Event "DEN-ch G7-1"]
[Site "Svendborg"]
[Date "2019.04.22"]
[Round "7"]
[White "Christensen, Jacob Foged"]
[Black "Poulsen, Peter Risgaard"]
[Result "0-1"]
[WhiteElo "1995"]
[BlackElo "1899"]
[PlyCount "54"]
[EventDate "2019.04.16"]
[EventType "swiss"]
[EventRounds "7"]
[EventCountry "DEN"]
[SourceTitle "EXT 2020"]
[Source "ChessBase"]
[SourceDate "2019.10.17"]
[SourceVersion "1"]
[SourceVersionDate "2019.10.17"]
[SourceQuality "1"]

1. d4 d6 2. Nf3 f5 3. c4 g6 4. Nc3 Nf6 5. g3 Bg7 6. Bg2 0-0 7. 0-0 e6 8. Qc2 Nc6 9. a3 Qe7 10. e3 Nd8 11. b4 Nf7 12. Bb2 g5 13. Rad1 f4 14. exf4 gxf4 15. Rfe1 fxg3 16. hxg3 Ng4 17. Nd5 Qd8 18. Nf4 Ng5 19. Nxg5 Qxg5 20. Rd2 e5 21. dxe5 Bf5 22. Qd1 dxe5 23. Bd5+ Kh8 24. Ne6 Qh6 25. Nxg7 Qh2+ 26. Kf1 Bd3+ 27. Rde2 Qxf2# 0-1

[Event "DEN-ch G7-1"]
[Site "Svendborg"]
[Date "2019.04.21"]
[Round "6"]
[White "Poulsen, Peter Risgaard"]
[Black "Kokholm, Daniel"]
[Result "0-1"]
[WhiteElo "1899"]
[BlackElo "1900"]
[PlyCount "116"]
[EventDate "2019.04.16"]
[EventType "swiss"]
[EventRounds "7"]
[EventCountry "DEN"]
[SourceTitle "EXT 2020"]
[Source "ChessBase"]
[SourceDate "2019.10.17"]
[SourceVersion "1"]
[SourceVersionDate "2019.10.17"]
[SourceQuality "1"]

1. d4 d6 2. Bf4 Nd7 3. Nf3 a6 4. e3 b6 5. Bd3 Bb7 6. c4 e6 7. Nc3 h6 8. Be4 Bxe4 9. Nxe4 f5 10. Nc3 g5 11. Ne5 Nxe5 12. Bxe5 dxe5 13. Qh5+ Ke7 14. dxe5 Qe8 15. Qf3 Bg7 16. Qb7 Bxe5 17. 0-0-0 Rb8 18. Qxa6 Qc6 19. Qb5 Qxb5 20. Nxb5 Ra8 21. Kb1 Nf6 22. Nd4 Bxd4 23. exd4 c6 24. Rhe1 Rhd8 25. Re3 Kf7 26. Rb3 c5 27. d5 exd5 28. Rxb6 d4 29. Rd3 Rac8 30. Ra3 d3 31. Ra7+ Kg6 32. Raa6 Rf8 33. Kc1 Rcd8 34. Kd2 Kg7 35. f3 g4 36. Rc6 h5 37. Rxc5 Rfe8 38. Rc7+ Kg6 39. Rcc6 Re2+ 40. Kd1 Rxg2 41. Rxf6+ Kg5 42. f4+ Kxf4 43. Ra5 Re8 44. Raxf5+ Ke3 45. Rf1 Rd2+ 46. Kc1 Rxh2 47. c5 Re4 48. c6 Ke2 49. b3 Re5 50. b4 Re4 51. a3 g3 52. b5 Rf2 53. Kb2 Rxf1 54. c7 Re8 55. Re6+ Rxe6 56. c8Q Re3 57. Qh3 d2 58. Qxh5+ Rff3 0-1

[Event "DEN-ch G7-1"]
[Site "Svendborg"]
[Date "2019.04.18"]
[Round "3"]
[White "Schoning, Lars"]
[Black "Poulsen, Peter Risgaard"]
[Result "1/2-1/2"]
[WhiteElo "1935"]
[BlackElo "1899"]
[PlyCount "34"]
[EventDate "2019.04.16"]
[EventType "swiss"]
[EventRounds "7"]
[EventCountry "DEN"]
[SourceTitle "EXT 2020"]
[Source "ChessBase"]
[SourceDate "2019.10.17"]
[SourceVersion "1"]
[SourceVersionDate "2019.10.17"]
[SourceQuality "1"]

1. d4 d6 2. c4 f5 3. Nc3 Nf6 4. h3 g6 5. Bf4 e6 6. e3 Bg7 7. Be2 0-0 8. Bf3 Nc6 9. Bh2 Qe7 10. a3 e5 11. d5 Nd8 12. e4 Nf7 13. Bg3 g5 14. exf5 Bxf5 15. Bg4 Nh6 16. Bxf5 Nxf5 17. Nge2 Rae8 1/2-1/2

[Event "DEN-ch Kort 1-1"]
[Site "Svendborg"]
[Date "2019.04.14"]
[Round "3"]
[White "Poulsen, Peter Risgaard"]
[Black "Kuhn, Morten"]
[Result "1/2-1/2"]
[WhiteElo "1899"]
[BlackElo "1796"]
[PlyCount "39"]
[EventDate "2019.04.13"]
[EventType "swiss"]
[EventRounds "5"]
[EventCountry "DEN"]
[SourceTitle "EXT 2020"]
[Source "ChessBase"]
[SourceDate "2019.10.17"]
[SourceVersion "1"]
[SourceVersionDate "2019.10.17"]
[SourceQuality "1"]

1. d4 Nf6 2. Nc3 d5 3. Bf4 c6 4. e3 Bf5 5. f3 h6 6. g4 Bh7 7. Bd3 e6 8. Nge2 Bd6 9. Qd2 Bxd3 10. Qxd3 Qc7 11. 0-0-0 Bxf4 12. exf4 Nbd7 13. Kb1 0-0-0 14. Qd2 g6 15. Nc1 Ne8 16. Nd3 Nd6 17. b3 Kb8 18. Na4 b6 19. Rhe1 h5 20. g5 1/2-1/2

[Event "DEN-ch G7-1"]
[Site "Svendborg"]
[Date "2018.03.30"]
[Round "4"]
[White "Poulsen, Peter Risgaard"]
[Black "Christensen, Jacob Foged"]
[Result "1-0"]
[WhiteElo "1934"]
[BlackElo "1945"]
[PlyCount "55"]
[EventDate "2018.03.27"]
[EventType "swiss"]
[EventRounds "7"]
[EventCountry "DEN"]
[SourceTitle "EXT 2019"]
[Source "ChessBase"]
[SourceDate "2018.10.10"]
[SourceVersion "1"]
[SourceVersionDate "2018.10.10"]
[SourceQuality "1"]

1. d4 Nf6 2. Bf4 d5 3. e3 Nbd7 4. Bd3 e6 5. c3 Be7 6. Nd2 b6 7. Ngf3 a6 8. Ne5 Nxe5 9. dxe5 Nd7 10. Bc2 Bb7 11. Qg4 g5 12. Qh5 gxf4 13. exf4 Bf8 14. 0-0-0 Qe7 15. f5 exf5 16. e6 Nf6 17. exf7+ Kd8 18. Qxf5 Bh6 19. Kb1 Bc8 20. Qd3 Bxd2 21. Qxd2 Qxf7 22. c4 Be6 23. cxd5 Nxd5 24. Qg5+ Kc8 25. Rhe1 c6 26. Rxe6 Rg8 27. Qe5 Kb7 28. Rxd5 1-0

[Event "DEN-ch G7-2"]
[Site "Skorping"]
[Date "2017.04.16"]
[Round "6"]
[White "Poulsen, Peter Risgaard"]
[Black "Winther, Bjarke Rosenborg"]
[Result "1-0"]
[WhiteElo "1920"]
[BlackElo "1768"]
[PlyCount "39"]
[EventDate "2017.04.11"]
[EventType "swiss"]
[EventRounds "7"]
[EventCountry "DEN"]
[SourceTitle "EXT 2021"]
[Source "ChessBase"]
[SourceDate "2020.10.23"]
[SourceVersion "1"]
[SourceVersionDate "2020.10.23"]
[SourceQuality "1"]

1. d4 d5 2. Bf4 Nf6 3. e3 c6 4. c4 e6 5. Nc3 Bd6 6. Bg3 Bxg3 7. hxg3 Nbd7 8. Qc2 Qc7 9. Nf3 e5 10. cxd5 cxd5 11. dxe5 Nxe5 12. Nd4 a6 13. Rc1 Bd7 14. Nxd5 Qa5+ 15. Nc3 Rc8 16. Be2 b5 17. a3 Nd5 18. Qe4 Nxc3 19. Qxe5+ Be6 20. bxc3 1-0

[Event "DEN-ch G7-2"]
[Site "Skorping"]
[Date "2017.04.15"]
[Round "5"]
[White "Pedersen, Lars Wisler"]
[Black "Poulsen, Peter Risgaard"]
[Result "0-1"]
[WhiteElo "1873"]
[BlackElo "1920"]
[PlyCount "90"]
[EventDate "2017.04.11"]
[EventType "swiss"]
[EventRounds "7"]
[EventCountry "DEN"]
[SourceTitle "EXT 2021"]
[Source "ChessBase"]
[SourceDate "2020.10.23"]
[SourceVersion "1"]
[SourceVersionDate "2020.10.23"]
[SourceQuality "1"]

1. e4 d6 2. d4 Nf6 3. Nc3 Nbd7 4. Nf3 e5 5. dxe5 dxe5 6. Bc4 h6 7. 0-0 c6 8. Be3 Qc7 9. Bb3 Be7 10. Qd2 Nf8 11. Ne1 g5 12. f3 Ng6 13. Nd3 Nh5 14. Qf2 Nhf4 15. Nxf4 gxf4 16. Bc5 Bh4 17. Qd2 Rg8 18. Rad1 Be7 19. Bxe7 Kxe7 20. Qf2 Qb6 21. Qxb6 axb6 22. Na4 Nh4 23. Nxb6 Rxg2+ 24. Kh1 Rb8 25. Nxc8+ Rxc8 26. Rg1 Rcg8 27. Bc4 Rxg1+ 28. Rxg1 Rxg1+ 29. Kxg1 Nxf3+ 30. Kg2 Ne1+ 31. Kh3 Nxc2 32. Kh4 Ne3 33. Be2 f5 34. exf5 Nxf5+ 35. Kg4 Ng7 36. Bd3 Kd6 37. Be4 Kc5 38. Kf3 Kd4 39. a4 Ne6 40. h4 Nc5 41. Bc2 Nd3 42. Kg4 f3 43. Bxd3 Kxd3 44. Kxf3 e4+ 45. Kf2 Kd2 0-1

[Event "DEN-ch G7-2"]
[Site "Skorping"]
[Date "2017.04.14"]
[Round "4"]
[White "Poulsen, Peter Risgaard"]
[Black "Falberg, Hugo"]
[Result "1-0"]
[WhiteElo "1920"]
[BlackElo "1848"]
[PlyCount "39"]
[EventDate "2017.04.11"]
[EventType "swiss"]
[EventRounds "7"]
[EventCountry "DEN"]
[SourceTitle "EXT 2021"]
[Source "ChessBase"]
[SourceDate "2020.10.23"]
[SourceVersion "1"]
[SourceVersionDate "2020.10.23"]
[SourceQuality "1"]

1. d4 f5 2. Bg5 h6 3. Bh4 g5 4. e3 Nf6 5. Be2 Bg7 6. Bg3 c5 7. c3 Qb6 8. Qc2 d6 9. Nd2 Be6 10. Ngf3 Nc6 11. dxc5 Qxc5 12. 0-0 0-0 13. Nb3 Qb6 14. Nbd4 Bd7 15. Nxf5 Bxf5 16. Qxf5 Qxb2 17. Bc4+ Kh8 18. Nxg5 d5 19. Bxd5 Nxd5 20. Qh7# 1-0

[Event "DEN-ch Kort1 A"]
[Site "Skorping"]
[Date "2017.04.10"]
[Round "5"]
[White "Poulsen, Peter Risgaard"]
[Black "Balslev, Uffe"]
[Result "1/2-1/2"]
[WhiteElo "1920"]
[BlackElo "1878"]
[PlyCount "77"]
[EventDate "2017.04.08"]
[EventType "swiss"]
[EventRounds "5"]
[EventCountry "DEN"]
[SourceTitle "EXT 2023"]
[Source "ChessBase"]
[SourceDate "2022.10.05"]
[SourceVersion "1"]
[SourceVersionDate "2022.10.05"]
[SourceQuality "1"]

1. c4 e5 2. Nc3 Nf6 3. e4 Nc6 4. d3 Be7 5. g3 d6 6. Bg2 0-0 7. Nge2 a6 8. 0-0 Rb8 9. h3 b5 10. b3 bxc4 11. dxc4 Bb7 12. Kh2 a5 13. Be3 Nb4 14. Qd2 c5 15. g4 Nc6 16. g5 Nd7 17. Nd5 Nd4 18. f4 Bxd5 19. exd5 Nxe2 20. Qxe2 exf4 21. Bxf4 a4 22. Be4 Ne5 23. Bxe5 dxe5 24. h4 axb3 25. axb3 Qd6 26. Qd3 g6 27. Qg3 f5 28. gxf6 Rxf6 29. h5 Kg7 30. Rg1 Rbf8 31. Bg2 Rf4 32. Ra7 g5 33. Qxg5+ Kf7 34. Be4 Ke8 35. Rxe7+ Qxe7 36. Qxe7+ Kxe7 37. Bxh7 Rh4+ 38. Kg3 Rff4 39. Bg6 1/2-1/2

[Event "DEN-ch rapid U1900"]
[Site "Fredericia"]
[Date "2016.09.25"]
[Round "4"]
[White "Poulsen, Peter Risgaard"]
[Black "Dreiberg, Kaspar Jon"]
[Result "1-0"]
[WhiteElo "1886"]
[BlackElo "1788"]
[PlyCount "95"]
[EventDate "2016.09.25"]
[EventType "swiss (rapid)"]
[EventRounds "7"]
[EventCountry "DEN"]
[SourceTitle "EXT 2018"]
[Source "ChessBase"]
[SourceDate "2017.10.13"]
[SourceVersion "1"]
[SourceVersionDate "2017.10.13"]
[SourceQuality "1"]

1. d4 Nf6 2. Bf4 g6 3. Nc3 Bg7 4. Qd2 h6 5. e4 d6 6. f3 c6 7. Bd3 Qa5 8. Nge2 e5 9. dxe5 dxe5 10. b4 Qc7 11. Be3 Be6 12. a4 Nbd7 13. 0-0 g5 14. b5 c5 15. Ng3 c4 16. Be2 Bf8 17. b6 axb6 18. Nb5 Qc6 19. Rfd1 Bc5 20. Kh1 Bxe3 21. Qxe3 Ke7 22. Rd6 Qc5 23. Qd2 Rac8 24. Rd1 c3 25. Qe1 Ne8 26. R6d3 Bc4 27. Rxc3 Qb4 28. Nf5+ Kf8 29. Rxc4 Rxc4 30. Bxc4 Qxc4 31. Rxd7 Qxc2 32. h3 h5 33. Qb4+ Kg8 34. Qe7 Qc1+ 35. Kh2 Qf4+ 36. Ng3 Rh7 37. Qxe8+ Kg7 38. Rxf7+ Qxf7 39. Qxe5+ Qf6 40. Nf5+ Kg6 41. Qb8 Rd7 42. Qg8+ Rg7 43. Nxg7 Qe5+ 44. Kg1 Qa1+ 45. Kf2 Qb2+ 46. Ke3 Qc1+ 47. Kd4 Qc5+ 48. Kd3 1-0

[Event "DEN-ch G7-1"]
[Site "Svendborg"]
[Date "2016.03.28"]
[Round "7"]
[White "Poulsen, Peter Risgaard"]
[Black "Vestby Ellingsen, Mads"]
[Result "1/2-1/2"]
[WhiteElo "1943"]
[BlackElo "1947"]
[PlyCount "97"]
[EventDate "2016.03.22"]
[EventType "swiss"]
[EventRounds "7"]
[EventCountry "DEN"]
[SourceTitle "EXT 2023"]
[Source "ChessBase"]
[SourceDate "2022.10.05"]
[SourceVersion "1"]
[SourceVersionDate "2022.10.05"]
[SourceQuality "1"]

1. d4 d5 2. Bf4 Nf6 3. e3 Bf5 4. c4 e6 5. Nc3 c6 6. Qb3 Qb6 7. c5 Qxb3 8. axb3 Nbd7 9. b4 Nh5 10. b5 Nxf4 11. exf4 Be7 12. Kd2 0-0 13. f3 Bg6 14. h4 f6 15. g4 Rfe8 16. h5 Bf7 17. Bd3 cxb5 18. Nxb5 Red8 19. Ne2 a6 20. Nbc3 e5 21. b4 a5 22. Rxa5 Rxa5 23. bxa5 exd4 24. Nxd4 Bxc5 25. Nc2 Bd6 26. Ne2 Nc5 27. Ncd4 Ra8 28. Ra1 Bc7 29. Kc2 Bxa5 30. Nf5 b6 31. Bb5 Kf8 32. Ned4 Ne6 33. Bc6 Rc8 34. Kd3 Nxf4+ 35. Ke3 Ne6 36. Rc1 Nxd4 37. Kxd4 Be8 38. Kxd5 Bxc6+ 39. Rxc6 Rxc6 40. Kxc6 g6 41. hxg6 hxg6 42. Ne3 Kf7 43. f4 Ke6 44. Nc4 Be1 45. Nxb6 Bd2 46. f5+ gxf5 47. gxf5+ Kxf5 48. Nd5 Bc3 49. Nxf6 1/2-1/2

[Event "DEN-ch G7-1"]
[Site "Svendborg"]
[Date "2016.03.24"]
[Round "3"]
[White "Thybo, Thomas Sondergaard"]
[Black "Poulsen, Peter Risgaard"]
[Result "1/2-1/2"]
[WhiteElo "1946"]
[BlackElo "1943"]
[PlyCount "42"]
[EventDate "2016.03.22"]
[EventType "swiss"]
[EventRounds "7"]
[EventCountry "DEN"]
[SourceTitle "EXT 2018"]
[Source "ChessBase"]
[SourceDate "2017.10.13"]
[SourceVersion "1"]
[SourceVersionDate "2017.10.13"]
[SourceQuality "1"]

1. c4 e5 2. g3 g6 3. Bg2 Bg7 4. Nc3 d6 5. e3 Nc6 6. Nge2 Be6 7. d3 Qd7 8. h3 Nge7 9. a3 0-0 10. Nd5 Rae8 11. Nec3 Nd8 12. d4 exd4 13. Ne2 dxe3 14. Bxe3 Nf5 15. Bf4 Nd4 16. Be3 N8c6 17. Kf1 Nxe2 18. Qxe2 Bf5 19. Qd2 Ne5 20. b3 c6 21. Nc3 Qe7 1/2-1/2

[Event "DEN-ch G7-1"]
[Site "Svendborg"]
[Date "2016.03.22"]
[Round "1"]
[White "Nielsen, Poul Erik1"]
[Black "Poulsen, Peter Risgaard"]
[Result "1-0"]
[WhiteElo "2032"]
[BlackElo "1943"]
[PlyCount "127"]
[EventDate "2016.03.22"]
[EventType "swiss"]
[EventRounds "7"]
[EventCountry "DEN"]
[SourceTitle "EXT 2023"]
[Source "ChessBase"]
[SourceDate "2022.10.05"]
[SourceVersion "1"]
[SourceVersionDate "2022.10.05"]
[SourceQuality "1"]

1. d4 Nf6 2. Nf3 e6 3. c4 Bb4+ 4. Nbd2 0-0 5. a3 Bxd2+ 6. Bxd2 b6 7. Bg5 d6 8. e3 Bb7 9. Bd3 Nbd7 10. Qc2 Qe8 11. 0-0 e5 12. Nd2 e4 13. Be2 h6 14. Bh4 Nh7 15. b4 c5 16. Qc3 f5 17. Bg3 Qg6 18. Rad1 Rad8 19. Nb3 Ng5 20. dxc5 f4 21. exf4 Ne6 22. Rxd6 bxc5 23. Rfd1 Nd4 24. R1xd4 cxd4 25. Qxd4 Qe8 26. c5 Nf6 27. Bc4+ Kh8 28. f5 e3 29. Na5 e2 30. Bxe2 Qxe2 31. h3 Qe4 32. Qxe4 Bxe4 33. Be5 Rxd6 34. Bxd6 Rd8 35. g4 Bf3 36. Nc4 Ne4 37. Ne5 Nxd6 38. cxd6 Bd5 39. d7 Kg8 40. f4 Kf8 41. Kf2 Ke7 42. Ke3 Kd6 43. Kd4 Bg8 44. g5 Rb8 45. b5 Rd8 46. a4 Kc7 47. a5 Kd6 48. h4 Bd5 49. h5 Rb8 50. b6 axb6 51. axb6 Ra8 52. b7 Bxb7 53. d8Q+ Rxd8 54. Nf7+ Ke7+ 55. Nxd8 Kxd8 56. f6 Ke8 57. fxg7 Kf7 58. gxh6 Bf3 59. Ke5 Bxh5 60. f5 Bd1 61. Kd6 Bc2 62. h7 Kxg7 63. f6+ Kxh7 64. f7 1-0

[Event "DEN-ch G7-1"]
[Site "Helsingor"]
[Date "2012.04.06"]
[Round "4"]
[White "Hansen, Verner"]
[Black "Poulsen, Peter Risgaard"]
[Result "1/2-1/2"]
[WhiteElo "1895"]
[BlackElo "1944"]
[PlyCount "91"]
[EventDate "2012.04.03"]
[EventType "swiss"]
[EventRounds "7"]
[EventCountry "DEN"]
[SourceTitle "EXT 2018"]
[Source "ChessBase"]
[SourceDate "2017.10.13"]
[SourceVersion "1"]
[SourceVersionDate "2017.10.13"]
[SourceQuality "1"]

1. e4 e6 2. d4 d5 3. Nd2 Nf6 4. e5 Nfd7 5. Ngf3 c5 6. c3 Nc6 7. Be2 f6 8. exf6 Nxf6 9. 0-0 cxd4 10. cxd4 Bd6 11. Re1 0-0 12. b3 Qc7 13. Bb2 Ng4 14. g3 Bd7 15. Nf1 Rf6 16. Bd3 g6 17. h3 Raf8 18. Be2 Nh6 19. Kg2 Bb4 20. N1d2 Qa5 21. a3 Bxd2 22. b4 Bxb4 23. axb4 Qxb4 24. Ba3 Qb6 25. Bxf8 Rxf8 26. Rb1 Qc7 27. Bb5 Nf7 28. h4 Nd6 29. Bxc6 bxc6 30. Ne5 Ne4 31. Rb2 c5 32. Nxd7 Qxd7 33. dxc5 Qc7 34. Re3 Qxc5 35. Qe1 Qd4 36. Rbe2 Rf6 37. f3 Nd6 38. Rxe6 Nf5 39. Rxf6 Qxf6 40. Re5 d4 41. f4 Qc6+ 42. Kh3 Ne3 43. Rxe3 dxe3 44. Qxe3 Qh1+ 45. Kg4 Qd1+ 46. Kh3 1/2-1/2